00258 a2200121 4500245003400000020001500034100002000049650001500069005001700084260000900101084000900110999001700119 aBLAKE COMPLETE WRITINGShText a0192810502 aGEOFFREY KEYNES aliterature20191021095129.0 c1996 aNONE c11855d11855